Priestorová diverzifikácia krajín EÚ z hľadiska materiálnej deprivácie v roku 2015

Problematika chudoby v krajinách Európskej únie. Materiálna deprivácia. Prístupy k meraniu chudoby. Dimenzie materiálnej deprivácie. Materiálna deprivácia v krajinách EÚ a na Slovensku. Priestorová diverzifikácia krajín EÚ.

Salvato in:
Dettagli Bibliografici
Autore principale: Vojtková, Mária, 1966-
Natura: Capitolo di libro
Lingua:slovacco
Soggetti:
Tags: Aggiungi Tag
Nessun Tag, puoi essere il primo ad aggiungerne!!

MARC

LEADER 00000naa$a2200000$$$4500
001 0239038
005 20251204125541.9
041 0 |a slo 
044 |a SK 
245 1 0 |a Priestorová diverzifikácia krajín EÚ z hľadiska materiálnej deprivácie v roku 2015  |c Mária Vojtková 
520 |a Problematika chudoby v krajinách Európskej únie. Materiálna deprivácia. Prístupy k meraniu chudoby. Dimenzie materiálnej deprivácie. Materiálna deprivácia v krajinách EÚ a na Slovensku. Priestorová diverzifikácia krajín EÚ. 
610 2 0 |a chudoba 
610 2 0 |a chudobní 
610 2 0 |a deprivácia 
610 2 0 |a deprivácia materiálna 
610 2 0 |a štatistika 
610 2 0 |a Európska únia 
610 2 0 |a Slovensko 
100 1 |a Vojtková, Mária, 1966-